Autonomía y autoridad en la familia
Guardat en:
| Autor principal: | |
|---|---|
| Format: | Llibre |
| Idioma: | espanyol |
| Publicat: |
Pamplona
EUNSA
1979
|
| Edició: | 3a. ed |
| Col·lecció: | Biblioteca NT
|
| Matèries: | |
| Etiquetes: |
Afegir etiqueta
Sense etiquetes, Sigues el primer a etiquetar aquest registre!
|
MARC
| LEADER | 00000nam a2200000 a 4500 | ||
|---|---|---|---|
| 001 | UCZ0427 | ||
| 003 | CL-VaPUC | ||
| 008 | 950728e19791100SP |||||||||||||||||spa|d | ||
| 082 | 0 | 4 | |a 306.87 |b OTE |2 21 |
| 100 | |a Otero, Oliveros F. |e autor |9 595801 | ||
| 245 | 1 | 0 | |a Autonomía y autoridad en la familia |
| 250 | |a 3a. ed | ||
| 300 | |a 138 p | ||
| 942 | |c BK | ||
| 945 | |d 19950728 00:00:00 |a mfernand | ||
| 260 | |a Pamplona |b EUNSA |c 1979 | ||
| 650 | 0 | |a Autoridad |9 257105 | |
| 650 | 0 | |a Responsabilidad moral |9 311092 | |
| 650 | 0 | |a Virtud y vicio |9 310637 | |
| 650 | 7 | |a PADRES PROGENITORES |2 CL-VaPUC |9 338981 | |
| 650 | 7 | |a RESPONSABILIDAD DE LOS PADRES |2 CL-VaPUC |9 343261 | |
| 650 | 7 | |a ROL DE LOS PADRES |2 CL-VaPUC |9 338980 | |
| 650 | 7 | |a ROLES DENTRO DE LA FAMILIA |2 CL-VaPUC |9 338181 | |
| 650 | 0 | |a Familias |9 255641 | |
| 583 | |a last modification |c 19950728 00:00:00 |k Rodrigo Vera | ||
| 490 | 0 | |a Biblioteca NT | |
| 999 | |c 237356 |d 237354 | ||
| 952 | |0 0 |1 0 |4 0 |6 306_870000000000000_OTE_1979 |7 0 |8 P |9 246335 |a BIBEDU |b BIBEDU |c BIBEDU_PB |d 2019-11-18 |i 1543849 |o 306.87 OTE 1979 |p 1543849 |r 2024-01-25 |w 2019-11-18 |y BK |k EDU | ||